000 00398nam a22001337a 4500
008 230606b xxu||||| |||| 00| 0 eng d
020 _a9788479433802
082 _a342.46023344
110 _bCongreso de los Diputados
245 _aSpanish Constitution and Standing Orders of the Congress of Deputies
260 _bDireccion de Estudios,Analisis y Publicaciones
300 _a355p
942 _2ddc
_cBK
999 _c485
_d485